| 000 | nam a22 4500 | ||
|---|---|---|---|
| 999 |
_c140527 _d140525 |
||
| 005 | 20180907174314.0 | ||
| 008 | 180504b mx ||||| |||| 00| 0 spa d | ||
| 020 | _a9682321646 | ||
| 050 | 0 | 4 |
_aF1219.1.S56 _bS28 1998 |
| 100 | 1 |
_aSauer, Carl Ortwin, _d[1889-1975] |
|
| 240 | 1 | 0 |
_hAztatlan, prehistoric mexican frontier on the Pacific Coast. _lEspañol |
| 245 | 1 | 0 |
_a Aztatlan : _bfrontera prehispanica mesoamericana en la Costa del Pacifico _c/ Carl Sahuer ; recopilación, tr. y prólogo Ignacio Guzmán Betancourt |
| 246 | 0 | 3 | _aLa Distribución de las tribus y las lenguas aborígenes del noroeste de México |
| 246 | 0 | 3 | _aLa Población aborigen del noroeste de México |
| 246 | 0 | 3 | _aLa Ruta de cibola |
| 250 | _a1a ed. | ||
| 260 |
_aMéxico, D.F. : _bSiglo XXI ; _c1998. |
||
| 490 | 0 | _aLos Once Ríos | |
| 500 | _aTraducción de: Aztatlan, prehistoric mexican frontier on the Pacific Coast | ||
| 651 | 7 |
_2LEMB _aMéxico _xAntigüedades |
|
| 651 | 7 |
_2LEMB _aNayarit _xAntigüedades |
|
| 651 | 7 |
_2LEMB _aSinaloa _xAntigüedades |
|
| 700 | 1 |
_aGuzmán Betancourt, Ignacio, _ecomp. |
|
| 700 | 1 |
_aLabastida, Jaime, _ecoord. |
|
| 710 | 2 | _aFundación Ignacio Borquez Zazueta | |
| 942 |
_2lcc _cLIB |
||